| 000 | 01872nam a2200349 i 4500 | ||
|---|---|---|---|
| 003 | AGN | ||
| 005 | 20260601103431.0 | ||
| 007 | ta | ||
| 008 | 260601e2025 dr ao||gq|||||||| |bspa d | ||
| 020 | _a9789945251340. | ||
| 040 |
_aAGN _bspa _cAGN _dDO-SdBNP _erda |
||
| 041 | _aspa | ||
| 082 |
_a304.827293051 _bA473i 2025 _222 |
||
| 100 | 1 |
_aÁlvarez López, Luis A. _94755 _eautor |
|
| 245 |
_aLa inmigración China a la República Dominicana : _bdiáspora, integración e identidad (siglos XIX-XXI) / _cLuis A. Álvarez López. [y otros dos]. |
||
| 264 |
_aSanto Domingo, República Dominicana : _bArchivo General de la Nación, _c2025. |
||
| 300 |
_a269 páginas : _bilustraciones, fotografías ; _c23 x 15 cm. |
||
| 336 |
_atexto _btxt _2rdacontent |
||
| 337 |
_asin mediación _bn _2rdamedia |
||
| 338 |
_avolumen _bnc _2rdacarrier |
||
| 490 |
_aArchivo General de la Nación ; _vvolumen 535. |
||
| 500 | _aIncluye biografía del autor en la solapa. | ||
| 505 | _aPrólogo 9 -- Agradecimientos 23 -- Prefacio 27 -- I. La migración china a Latinoamérica y el Caribe 31 -- II. Inmigración, establecimiento e integración 91 -- III. Tenderos, comerciantes y empresarios 125 -- IV. Incorporación al mercado de trabajo 175 -- V. La geopolítica en el Caribe hispano 211 -- Bibliografía 243 -- Apéndices 249 -- Testimonio gráfico 263 | ||
| 590 | _aInventariado, 2026/WG. | ||
| 650 |
_aChinos _xPoblación _zRepública Dominicana _9106032 |
||
| 651 |
_aChina _xEmigración e inmigración _ySiglos XIX-XXI _zRepública Dominicana _9106033 |
||
| 651 |
_aChina _xInmigrantes _zRepública Dominicana _989821 |
||
| 651 |
_aRepública Dominicana _xEmigración e inmigración _ySiglos XIX-XXI _zChina _9106034 |
||
| 700 |
_aVera Riverón, Aimara _ecorrección _977931 |
||
| 700 |
_aRosa, Yenifer de la _ediagramación _ediseño de cubierta _989660 |
||
| 942 |
_2ddc _cLBS1 |
||
| 999 |
_c60843 _d60843 |
||